La Contaminació : bases ecològiques i tècniques de correcció / Josep-Manuel González Cabré bases ecològiques i tècniques de correcció / Josep-Manuel González Cabré
Publicado:
Barcelona :
Diputació Provincial de Barcelona. Servei de Parcs Naturals i Medi Ambient ,
1978
Descripción Física:
98 p. : il. ; 24 cm
Colección:
Quaderns d'ecologia aplicada ; 3
MARC
| LEADER | 00000nam a2200000Ia 4500 | ||
|---|---|---|---|
| 001 | 1517 | ||
| 003 | BGR | ||
| 005 | 20260324175407.0 | ||
| 008 | 160829s1978 xx 000 0 cat d | ||
| 080 | |a C-1-216 | ||
| 100 | |a González i Cabré, Josep Manuel |9 30916 | ||
| 245 | |a La Contaminació : |b bases ecològiques i tècniques de correcció / Josep-Manuel González Cabré | ||
| 260 | |a Barcelona : |b Diputació Provincial de Barcelona. Servei de Parcs Naturals i Medi Ambient, |c 1978 | ||
| 300 | |a 98 p. : |b il. ; |c 24 cm | ||
| 490 | |a Quaderns d'ecologia aplicada ; 3 | ||
| 650 | 0 | |a Contaminació |9 30503 | |
| 650 | |a Ecologia |9 37601 | ||
| 710 | 1 | |a Barcelona (Catalunya : Província). |b Diputació |0 Servei de Parcs Naturals i Medi Ambient |9 52408 | |
| 901 | |a Arxiu | ||
| 942 | |n 1 |2 udc |c MON | ||
| 952 | |0 0 |1 0 |4 0 |6 C1216 |7 1 |9 45570 |a Arxiu |b Arxiu |d 2016-12-01 |l 0 |o C-1-216 |p 1517 |r 2016-12-01 00:00:00 |w 2016-12-01 |y ARXIU | ||
| 999 | |c 48738 |d 48738 | ||